000 00296nam a2200133Ia 4500
008 231129s1971||||xx |||||||||||||| ||spa||
040 _bspa
082 _aE863 F363v
100 _aFernández Flórez Wenceslao
245 0 _aVolvoreta
260 _c1971
264 _aSalvat
942 _2ddc
_cBKS
999 _c26440
_d26440